Score 0/16 Timer 05:00
6 Plays Today
Question Answer Wrong Answers
Movie
The Little Mermaid
Ariel
95.2%
Snow White
0.3%
Cinderella
0.2%
Aurora
0.2%
Movie
Snow White and the Seven Dwarfs
Snow White
95%
Cinderella
0.3%
Aurora
0.4%
Ariel
0.2%
Movie
Cinderella
Cinderella
94.3%
Snow White
0.5%
Aurora
1.1%
Ariel
0.1%
Villain
Ursula
Ariel
92.8%
Snow White
0.8%
Cinderella
0.9%
Aurora
1.6%
Movie
Sleeping Beauty
Aurora
90.4%
Snow White
4%
Cinderella
1.4%
Ariel
0.2%
Song
Part of Your World
Ariel
88.6%
Snow White
2.3%
Cinderella
2.2%
Aurora
2.6%
Love Interest
Prince Eric
Ariel
83.3%
Snow White
3.2%
Cinderella
4.5%
Aurora
5%
Villain
Maleficent
Aurora
80.7%
Snow White
10.8%
Cinderella
3%
Ariel
1.5%
Love Interest
Prince Charming
Cinderella
74.7%
Snow White
14%
Aurora
6.5%
Ariel
0.9%
Love Interest
Prince Phillip
Aurora
71.3%
Snow White
7.5%
Cinderella
10.9%
Ariel
6.2%
Villain
Lady Tremaine
Cinderella
69.3%
Snow White
7.2%
Aurora
15.9%
Ariel
3.5%
Villain
Queen Grimhilde
Snow White
67%
Cinderella
6.5%
Aurora
19.4%
Ariel
2.7%
Song
A Dream Is a Wish Your Heart Makes
Cinderella
66.6%
Snow White
14.8%
Aurora
10.7%
Ariel
3.6%
Song
Someday My Prince Will Come
Snow White
66%
Cinderella
13.8%
Aurora
13.4%
Ariel
2.7%
Song
Once Upon a Dream
Aurora
59.2%
Snow White
12.2%
Cinderella
21.3%
Ariel
3.3%
Love Interest
Prince Florian
Snow White
55.4%
Cinderella
9.3%
Aurora
23.1%
Ariel
7.9%

Today's Daily Dose

Remove Ads.
Support Sporcle.
Get the best of Sporcle when you Go Orange. This ad-free experience offers more features, more stats, and more fun while also helping to support Sporcle. Thank you for becoming a member.

You're not logged in!

Compare scores with friends on all Sporcle quizzes.
OR
Log In

Show Comments

Extras

Top Quizzes Today


Score Distribution

Your Account Isn't Verified!

In order to create a playlist on Sporcle, you need to verify the email address you used during registration. Go to your Sporcle Settings to finish the process.

Report this User

Report this user for behavior that violates our Community Guidelines.

Details: